Schmitthoff's Export trade : (Record no. 176)

MARC details
000 -LEADER
fixed length control field 01519cam a2200361 i 4500
001 - CONTROL NUMBER
control field 1383160
003 - CONTROL NUMBER IDENTIFIER
control field OSt
005 - DATE AND TIME OF LATEST TRANSACTION
control field 20120106135443.0
008 - FIXED-LENGTH DATA ELEMENTS--GENERAL INFORMATION
fixed length control field 810401s1980 enk b 001 0 eng
010 ## - LIBRARY OF CONGRESS CONTROL NUMBER
LC control number 81458564
015 ## - NATIONAL BIBLIOGRAPHY NUMBER
National bibliography number GB***
020 ## - INTERNATIONAL STANDARD BOOK NUMBER
International Standard Book Number 0420454101 :
Terms of availability £23.00
020 ## - INTERNATIONAL STANDARD BOOK NUMBER
International Standard Book Number 0420457402 (pbk.)
040 ## - CATALOGING SOURCE
Original cataloging agency DLC
Transcribing agency DLC
Modifying agency DLC
043 ## - GEOGRAPHIC AREA CODE
Geographic area code e-uk---
050 00 - LIBRARY OF CONGRESS CALL NUMBER
Classification number KD2463
Item number .S35 1980
082 00 - DEWEY DECIMAL CLASSIFICATION NUMBER
Classification number 343.410878 SCH
Edition number 22
100 1# - MAIN ENTRY--PERSONAL NAME
Personal name Schmitthoff, Clive M.
Fuller form of name (Clive Macmillan),
Dates associated with a name 1903-1990.
9 (RLIN) 497
240 10 - UNIFORM TITLE
Uniform title <a href="Export trade">Export trade</a>
245 10 - TITLE STATEMENT
Title Schmitthoff's Export trade :
Remainder of title the law and practice of international trade /
Statement of responsibility, etc by Clive M. Schmitthoff.
250 ## - EDITION STATEMENT
Edition statement 7th ed.
260 ## - PUBLICATION, DISTRIBUTION, ETC. (IMPRINT)
Place of publication, distribution, etc London :
Name of publisher, distributor, etc Stevens,
Date of publication, distribution, etc 1980.
300 ## - PHYSICAL DESCRIPTION
Extent xxxvii, 515 p. ;
Dimensions 25 cm.
500 ## - GENERAL NOTE
General note Previous ed. published under title: The export trade.
504 ## - BIBLIOGRAPHY, ETC. NOTE
Bibliography, etc Includes bibliographical references and index.
650 #0 - SUBJECT ADDED ENTRY--TOPICAL TERM
Topical term or geographic name as entry element Export sales contracts
Geographic subdivision Great Britain.
9 (RLIN) 498
650 #0 - SUBJECT ADDED ENTRY--TOPICAL TERM
Topical term or geographic name as entry element Foreign trade regulation
Geographic subdivision Great Britain.
9 (RLIN) 499
906 ## - LOCAL DATA ELEMENT F, LDF (RLIN)
a 7
b cbc
c orignew
d 3
e ncip
f 19
g y-gencatlg
942 ## - ADDED ENTRY ELEMENTS (KOHA)
Source of classification or shelving scheme Dewey Decimal Classification
Koha item type Books
Holdings
Withdrawn status Lost status Source of classification or shelving scheme Damaged status Not for loan Home library Current library Shelving location Date acquired Total Checkouts Full call number Barcode Date last seen Price effective from Koha item type
    Dewey Decimal Classification     Law Development Centre Main Library Law Development Centre Main Library Text Books and Laws 04/09/2011   343.410878 SCH 2011/3119 04/09/2011 04/09/2011 Books
    Dewey Decimal Classification     Law Development Centre Main Library Law Development Centre Main Library Text Books and Laws 04/09/2011   343.410878 SCH 2011/3120 04/09/2011 04/09/2011 Books
    Dewey Decimal Classification     Law Development Centre Main Library Law Development Centre Main Library Text Books and Laws 01/06/2012   343.410878 SCH 3304/2012 01/06/2012 01/06/2012 Books